00446cam a22001692 4500001001100000005001700011008004100028020001700069040001500086100003300101245003900134250001200173260003900185300001300224650003600237852000300273000001971320151217155902.0110121s xx 000 0 eng d a9966497048 : aKABUcKABU1 aMohamed, Said A.@000015215110a'Sikate tamaa /cSaid, A. Mohamed. a1st ed. aNairobi, Kenya :bLonghorn,c1980. axviii p. 0aSwahili literature.@00001787351